000 00900aam a2200277 i 4500
001 403
003 CO-MdBIC
005 20210911091430.0
008 210911t1990 ck am||| |||| 00| 0 eng d
020 _a958-9003-51-6
040 _bspa.
_aCO-MdFUSB
_cCO-MdFUSB
_dCO-MdFUSBC
_erda
041 0 _aspa
082 0 4 _aR 913 S5861q
245 1 0 _aArte de la tierra : Quimbayas / Alicia Eugenia Silva, Fondo de Promoción de la Cultura Banco Popular, Dirección general
_c/
260 _aBogotá, Colombia : Fondo de Promoción de la Cultura Banco Popular
264 _aBogotá, Colombia :
_bFondo de Promoción de la Cultura,
_c[1990]
264 _c© 1990
300 _a96 Pag.
_c;
336 _2rdacontent
_atexto
_btxt
337 _2rdamedia
_asin mediación
_bn
338 _2rdacarrier
_avolumen
_bnc
653 _aArte de la tierra
653 _aQuimbaya
942 _cBK
945 _aEstudiante
999 _c31933
_d31933